Кн. 4. Т. 16-20; История России с древнейших времен
| Parent link: | История России с древнейших времен: в 6 кн./ С. М. Соловьев. Кн. 4. Т. 16-20.— 3-е изд..— , [1911] |
|---|---|
| Summary: | Двойная пагинация страниц книга первая отсутсвует в кн. нет стр. 1629-1632 |
| Idioma: | ruso |
| Publicado: |
[1911]
|
| Subjects: | |
| Formato: | MixedMaterials Libro |
| KOHA link: | https://koha.lib.tpu.ru/cgi-bin/koha/opac-detail.pl?biblionumber=332725 |
MARC
| LEADER | 00000nam2a2200000 4500 | ||
|---|---|---|---|
| 001 | 332725 | ||
| 005 | 20241126063153.0 | ||
| 035 | |a (RuTPU)RU\TPU\book\358685 | ||
| 035 | |a RU\TPU\book\349549 | ||
| 090 | |a 332725 | ||
| 100 | |a 20170529d1911 k y0rusy50 ca | ||
| 101 | 0 | |a rus | |
| 102 | |a RU | ||
| 105 | |a fj z 001zy | ||
| 200 | 0 | |a Кн. 4. Т. 16-20 | |
| 210 | |d [1911] | ||
| 215 | |a XII, 1656 с. |e Приложение: Племя Владимира Ярославовича [генеалогическое древо] вкл. л. | ||
| 300 | |a Двойная пагинация страниц | ||
| 300 | |a книга первая отсутсвует | ||
| 300 | |a в кн. нет стр. 1629-1632 | ||
| 320 | |a Приложения к XVI тому: с. 295-298 | ||
| 320 | |a Приложения к XVII тому: с. 629-638 | ||
| 320 | |a Приложения к XVIII тому: с. 931-944 | ||
| 320 | |a Приложения к XIX тому: с. 1254-1262 | ||
| 320 | |a Приложения к XX тому: с. 1638-1656 | ||
| 320 | |a Постраничные примечания | ||
| 461 | 1 | |0 (RuTPU)RU\TPU\book\358674 |t История России с древнейших времен |o в 6 кн. |o в 29 т. |f С. М. Соловьев |v Кн. 4. Т. 16-20 |e 3-е изд. |d [1911] | |
| 606 | |a Россия |x История |7 ca |8 rus |2 stltpush |3 (RuTPU)RU\TPU\subj\64777 |9 81526 | ||
| 610 | 1 | |a Россия | |
| 610 | 1 | |a история | |
| 610 | 1 | |a 18 век | |
| 610 | 1 | |a Петр I | |
| 610 | 1 | |a царствование Екатерины I | |
| 610 | 1 | |a Петр II | |
| 610 | 1 | |a царствование Анны Ионновны | |
| 686 | |a Т3(2) |v LBC/SL-A |2 rubbk | ||
| 801 | 1 | |a RU |b 63413507 |c 20161028 | |
| 801 | 2 | |a RU |b 63413507 |c 20191122 |g RCR | |
| 942 | |c BK | ||